000 00429nam a2200169Ia 4500
008 230524s9999 xx 000 0 und d
020 _a9789384588564
082 _a5.82
_bAMJ
100 _aMohammad Amjad
_942985
245 0 _aCryptography and Network Security
250 _a1
260 _aNew Delhi
_bI.K.International
_c2015
300 _a"XVII,415p;"
500 _aQuantity Number: 1
650 _aComp-Sc
942 _cBK
999 _c57935
_d57935